书目信息 |
| 题名: |
朱光潜谈读书
|
|
| 作者: | 朱光潜 著 | |
| 分册: | ||
| 出版信息: | 北京 中国青年出版社 2012 |
|
| 页数: | 161页 | |
| 开本: | 23cm | |
| 丛书名: | ||
| 单 册: | ||
| 中图分类: | G792-53 | |
| 科图分类: | ||
| 主题词: | 读书方法--Du Shu Fang Fa--文集 , 文集--Wen Ji | |
| 电子资源: | ||
| ISBN: | 978-7-5153-1141-8 | |
| 000 | 00926nam0 22002531 450 | |
| 001 | 349467 | |
| 005 | 20161010092738.45 | |
| 010 | @a978-7-5153-1141-8@dCNY22.00 | |
| 100 | @a20130228d2012 em y0chiy50 ea | |
| 101 | 0 | @achi |
| 102 | @aCN@b110000 | |
| 105 | @aa z 000yy | |
| 106 | @ar | |
| 200 | 1 | @a朱光潜谈读书@AZhu Guang Qian Tan Du Shu@f朱光潜著 |
| 210 | @a北京@c中国青年出版社@d2012 | |
| 215 | @a161页@c图@d23cm | |
| 300 | @a剪纸漫画珍赏版 “大师谈话”系列 | |
| 330 | @a本书收入的是朱光潜先生关于读书治学的随笔,其中既有高屋建瓴的方法心得,亦有平易近人的亲身体悟。传授读书方法,探寻书中佳妙,分享治学体悟,读之不但有益于提高阅读素养,还能感受到书是如何滋养、丰富、成就这位美学大师的。 | |
| 606 | 0 | @a读书方法@ADu Shu Fang Fa@j文集 |
| 606 | 0 | @a文集@AWen Ji |
| 690 | @aG792-53@v5 | |
| 701 | 0 | @a朱光潜@AZhu Guang Qian@f(1897~1986)@4著 |
| 801 | 0 | @aCN@bTANGWEI@20160730 |
| 905 | @b0885160-4@dG792-53@e510@f5 | |
| 朱光潜谈读书/朱光潜著.-北京:中国青年出版社,2012 |
| 161页:图;23cm |
| 剪纸漫画珍赏版 “大师谈话”系列 |
| ISBN 978-7-5153-1141-8:CNY22.00 |
| 本书收入的是朱光潜先生关于读书治学的随笔,其中既有高屋建瓴的方法心得,亦有平易近人的亲身体悟。传授读书方法,探寻书中佳妙,分享治学体悟,读之不但有益于提高阅读素养,还能感受到书是如何滋养、丰富、成就这位美学大师的。 |
| ● |
| 相关链接 |
|
|
|
|
正题名:朱光潜谈读书
索取号:G792-53/510
 
预约/预借
| 序号 | 登录号 | 条形码 | 馆藏地/架位号 | 状态 | 备注 |
| 1 | 0885160 | 208851606 | 第一样本阅览室/ [索取号:G792-53/510] | 在馆 | |
| 2 | 0885161 | 208851615 | 第四借阅区/ [索取号:G792-53/510] | 在馆 | |
| 3 | 0885162 | 208851624 | 第四借阅区/ [索取号:G792-53/510] | 在馆 | |
| 4 | 0885163 | 208851633 | 第四借阅区/ [索取号:G792-53/510] | 在馆 | |
| 5 | 0885164 | 208851642 | 第四借阅区/ [索取号:G792-53/510] | 在馆 |